[Event "Rochefort Master 2019"]
[Site "Palais des Congrès"]
[Date "2019.02.16"]
[Round "6.15"]
[White "Harutyunyan, Safar"]
[Black "Zachary, Matheo"]
[Result "1-0"]
[WhiteElo "2117"]
[BlackElo "2294"]
[PlyCount "135"]
[EventDate "2019.??.??"]
[WhiteTeam "Echiquier Club Le Mans"]
[BlackTeam "Mulhouse Philidor"]

1. e4 c5 2. Nf3 Nc6 3. d4 cxd4 4. Nxd4 e5 5. Nb5 d6 6. c4 Be7 7. N1c3 a6 8. Na3
f5 9. exf5 Bxf5 10. Nc2 Nf6 11. Ne3 Be6 12. Bd3 O-O 13. O-O Qd7 14. Ncd5 Rae8
15. b3 Bd8 16. Bb2 Bxd5 17. Nxd5 Nxd5 18. cxd5 Ne7 19. Be4 Bb6 20. Qd3 g6 21.
g3 Rf7 22. Kg2 Ref8 23. f4 Nf5 24. Rae1 Ng7 25. Bc1 Nh5 26. Bf3 Bd4 27. Bxh5
gxh5 28. Be3 Bxe3 29. Qxe3 Qb5 30. Qe4 Rf5 31. Rd1 a5 32. Rd3 Qb4 33. Qxb4 axb4
34. Rdf3 Ra8 35. R1f2 Ra5 36. fxe5 Rxf3 37. Kxf3 Rxd5 38. exd6 Rxd6 39. Ke4 Kg7
40. Ke5 Rd1 41. Rf4 Rd2 42. Rxb4 Rxa2 43. Rxb7+ Kg6 44. h4 h6 45. Rb6+ Kg7 46.
b4 Re2+ 47. Kf4 Rf2+ 48. Ke3 Rg2 49. Kf3 Rc2 50. b5 Rc3+ 51. Kf4 Rc4+ 52. Ke5
Rc3 53. Rc6 Rxg3 54. Kd5 Kf7 55. Rxh6 Ke7 56. Kc6 Rc3+ 57. Kb7 Rc5 58. b6 Kd7
59. Rh7+ Kd8 60. Rc7 Ra5 61. Rc4 Ra2 62. Rd4+ Ke7 63. Kc6 Rc2+ 64. Kb5 Rb2+ 65.
Rb4 Rxb4+ 66. Kxb4 Kd7 67. Kc5 Kd8 68. Kd6 1-0

[Event "Rochefort Master 2019"]
[Site "Palais des Congrès"]
[Date "2019.02.20"]
[Round "7.6"]
[White "Van Den Doel, Erik"]
[Black "Harutyunyan, Ruben"]
[Result "1-0"]
[WhiteElo "2611"]
[BlackElo "2299"]
[PlyCount "57"]
[EventDate "2019.??.??"]
[WhiteTeam "Mulhouse Philidor"]
[BlackTeam "Clichy-Echecs-92"]

1. e4 c5 2. Nf3 Nc6 3. d4 cxd4 4. Nxd4 Nf6 5. Nc3 d6 6. Bg5 e6 7. Qd2 a6 8.
O-O-O Bd7 9. f3 Be7 10. Be3 Nxd4 11. Qxd4 Bc6 12. Kb1 O-O 13. h4 b5 14. g4 Nd7
15. Bg5 Nf6 16. Ne2 Qa5 17. Ng3 b4 18. Nh5 Qe5 19. Qxb4 Rfb8 20. Qd4 Qxd4 21.
Rxd4 Nxh5 22. gxh5 f6 23. Bc1 d5 24. exd5 Bxd5 25. Be2 h6 26. Re1 Bc5 27. Rg4
f5 28. Rg6 Kf7 29. b3 1-0

[Event "Rochefort Master 2019"]
[Site "Palais des Congrès"]
[Date "2019.02.16"]
[Round "7.7"]
[White "Martinez Duany, Lelys Stanley"]
[Black "Solozhenkina, Elizaveta"]
[Result "1-0"]
[WhiteElo "2547"]
[BlackElo "2287"]
[PlyCount "79"]
[EventDate "2019.??.??"]
[BlackTeam "Sporting Cheminot Pratique Omnisport"]

1. e4 c6 2. d4 d5 3. e5 Bf5 4. Nf3 e6 5. Be2 c5 6. O-O Nc6 7. c3 Bg6 8. Be3
cxd4 9. Nxd4 Nge7 10. f4 Nxd4 11. cxd4 Nc6 12. Nc3 Be7 13. Qb3 Qd7 14. g4 Rd8
15. Rac1 O-O 16. Na4 f6 17. exf6 Bxf6 18. Nc5 Qf7 19. Qa4 Rc8 20. Rc3 b6 21.
Nb3 Na5 22. Nxa5 Rxc3 23. bxc3 bxa5 24. c4 Be4 25. c5 Qb7 26. Qb5 Qc7 27. Qa6
Kh8 28. Qxe6 Qb7 29. Bf3 Bxf3 30. Rxf3 Qb4 31. Qxd5 Rd8 32. Qb3 Qe1+ 33. Kg2 h5
34. Bf2 Qe2 35. d5 hxg4 36. Re3 Qd2 37. Qd3 Qb4 38. d6 Qb7+ 39. Qe4 Qc8 40. c6
1-0

[Event "Rochefort Master 2019"]
[Site "Palais des Congrès"]
[Date "2019.02.16"]
[Round "7.8"]
[White "Vidal, Llewellyn"]
[Black "Prie, Eric"]
[Result "1/2-1/2"]
[WhiteElo "2280"]
[BlackElo "2456"]
[PlyCount "125"]
[EventDate "2019.??.??"]
[WhiteTeam "Echecs Club Montpellier"]
[BlackTeam "Echiquier Carcassonnais "]

1. c4 e5 2. Nc3 Nf6 3. Nf3 Nc6 4. e4 Bc5 5. Nxe5 Nxe5 6. d4 Bb4 7. dxe5 Nxe4 8.
Qf3 Qh4 9. Be2 Nxc3 10. bxc3 Bc5 11. O-O O-O 12. Bf4 d6 13. exd6 cxd6 14. Rfd1
Re8 15. Rd2 Bf5 16. Qg3 Qxg3 17. Bxg3 Rac8 18. Kf1 Rc6 19. Rb2 Re7 20. Bh4 f6
21. Bf3 Bd3+ 22. Kg1 Rcc7 23. Bd5+ Kf8 24. g4 Be4 25. Bg3 Bxd5 26. cxd5 Re4 27.
h3 Rc4 28. Rb3 Ke7 29. Kf1 Kd7 30. a4 a6 31. Ke2 Ba7 32. Rab1 b6 33. Rxb6 Bxb6
34. Rxb6 Rxa4 35. Rxd6+ Kc8 36. Rb6 Rxc3 37. Rb8+ Kd7 38. Rb7+ Ke8 39. Rxg7
Ra2+ 40. Kf1 a5 41. Rxh7 a4 42. d6 Rd2 43. Re7+ Kd8 44. Ra7 a3 45. Kg2 Kc8 46.
h4 Kb8 47. Ra4 Kb7 48. h5 a2 49. h6 Rc8 50. Ra3 Rh8 51. Bf4 Rd4 52. Be3 Rxg4+
53. Kf3 Ra8 54. Rxa8 Kxa8 55. h7 Rh4 56. d7 a1=Q 57. d8=Q+ Kb7 58. Qb6+ Kc8 59.
Qc6+ Kd8 60. Qd6+ Ke8 61. Qc6+ Kd8 62. Qd5+ Kc8 63. Qc6+ 1/2-1/2

[Event "Rochefort Master 2019"]
[Site "Palais des Congrès"]
[Date "2019.02.16"]
[Round "7.9"]
[White "Ni, Shiqun"]
[Black "Bouvet, Florian"]
[Result "1-0"]
[WhiteElo "2427"]
[BlackElo "2194"]
[PlyCount "75"]
[EventDate "2019.??.??"]
[BlackTeam "Echiquier Club Le Mans"]

1. e4 c5 2. Nf3 e6 3. d4 cxd4 4. Nxd4 a6 5. Bd3 Qc7 6. O-O Nf6 7. Qe2 d6 8. b3
Nbd7 9. Bb2 Be7 10. c4 b6 11. Nd2 Bb7 12. Rae1 O-O 13. f4 g6 14. e5 Nh5 15. f5
Nxe5 16. fxe6 f6 17. Be4 Bxe4 18. Nxe4 Rae8 19. Nc3 Qc5 20. Qd2 Ng7 21. Kh1 Bd8
22. Ne4 Qc7 23. Ba3 Be7 24. Nc3 Bd8 25. Ne4 Be7 26. h3 Qb8 27. Ne2 Rd8 28. Nf4
f5 29. Nd5 Nc6 30. Nxe7+ Nxe7 31. Ng5 Nh5 32. Qc3 Rc8 33. Nf7 Rxf7 34. exf7+
Kxf7 35. Qe3 Re8 36. Qe6+ Kf8 37. Bxd6 Qb7 38. Re3 1-0

[Event "Rochefort Master 2019"]
[Site "Palais des Congrès"]
[Date "2019.02.16"]
[Round "7.10"]
[White "Okhotnik, Vladimir"]
[Black "Roselle, Tristan"]
[Result "1-0"]
[WhiteElo "2352"]
[BlackElo "2173"]
[PlyCount "53"]
[EventDate "2019.??.??"]
[WhiteTeam "Club 608 d'Echecs Paris"]
[BlackTeam "AGJA-Echiquier Aquitaine"]

1. c4 e6 2. e4 d5 3. exd5 exd5 4. d4 Nf6 5. Nc3 Be7 6. Nf3 O-O 7. cxd5 Nxd5 8.
Bd3 Be6 9. O-O Nd7 10. Re1 h6 11. Bc2 N7f6 12. a3 c5 13. Qd3 Rc8 14. Rxe6 fxe6
15. Bxh6 Qe8 16. Bg5 Qh5 17. Re1 cxd4 18. Nxd5 Nxd5 19. Bxe7 Nxe7 20. Nxd4 Qh4
21. g3 Qh5 22. Bb3 Nd5 23. Nxe6 Rxf2 24. Kxf2 Qxh2+ 25. Kf3 Qxb2 26. Bxd5 Rc3
27. Ng5+ 1-0

[Event "Rochefort Master 2019"]
[Site "Palais des Congrès"]
[Date "2019.02.16"]
[Round "7.11"]
[White "Shirazi, Kamran"]
[Black "Lucas, Arthur"]
[Result "1-0"]
[WhiteElo "2309"]
[BlackElo "2178"]
[PlyCount "139"]
[EventDate "2019.??.??"]
[WhiteTeam "Tremblay en France"]
[BlackTeam "Cercle d'échecs des Sables d'Olonne"]

1. e4 c5 2. b4 cxb4 3. a3 b3 4. c4 e5 5. Qxb3 Nc6 6. Nf3 Bc5 7. Be2 Nf6 8. Nc3
d6 9. d3 h6 10. O-O O-O 11. Be3 b6 12. h3 Be6 13. Nd5 Nd7 14. Rad1 f5 15. exf5
Bxf5 16. Nb4 Nxb4 17. axb4 Bxe3 18. fxe3 Kh8 19. d4 Qe7 20. Rf2 Bh7 21. b5 Rf7
22. dxe5 Nxe5 23. Qa3 Nxf3+ 24. Bxf3 Rd8 25. Rfd2 Rf6 26. Rd4 Re6 27. Re1 Re8
28. Bc6 Rf8 29. Rg4 Rg6 30. Rxg6 Bxg6 31. Qa1 Qh4 32. Rf1 Rxf1+ 33. Qxf1 Qe7
34. Qf4 Kh7 35. Kf2 Bf7 36. Ke2 g6 37. Kd3 Kg7 38. h4 g5 39. hxg5 hxg5 40. Qd4+
Kg8 41. Bd5 Bxd5 42. Qxd5+ Kg7 43. Qf5 Kh6 44. g4 Kg7 45. Kd4 Qd8 46. Kd5 Qe7
47. Qe6 Qb7+ 48. Kxd6 Qb8+ 49. Kc6 Qa8+ 50. Kc7 a5 51. Qe5+ Kg6 52. Qd6+ Kg7
53. Qe7+ Kg6 54. Qe6+ Kg7 55. Qe5+ Kg6 56. Qf5+ Kh6 57. Qf6+ Kh7 58. Qf7+ Kh6
59. Qh5+ Kg7 60. Qxg5+ Kh7 61. Qe7+ Kg6 62. Qd6+ Kh7 63. Qd7+ Kh8 64. c5 Qa7+
65. Kc6 Qa8+ 66. Kxb6 a4 67. c6 Qb8+ 68. Ka5 a3 69. c7 Qa8+ 70. Kb6 1-0

[Event "Rochefort Master 2019"]
[Site "Palais des Congrès"]
[Date "2019.02.16"]
[Round "7.12"]
[White "Harutyunyan, Safar"]
[Black "Laurent, Julien G."]
[Result "0-1"]
[WhiteElo "2117"]
[BlackElo "2303"]
[PlyCount "60"]
[EventDate "2019.??.??"]
[WhiteTeam "Echiquier Club Le Mans"]
[BlackTeam "Echiquier de Franconville"]

1. e4 g6 2. d4 Bg7 3. Nc3 d6 4. Be3 a6 5. f3 Nd7 6. h4 h6 7. Qd2 b5 8. a4 b4 9.
Nd5 a5 10. Bc4 c6 11. Nf4 Nb6 12. Bb3 Ba6 13. Nge2 Nc4 14. Bxc4 Bxc4 15. c3 b3
16. Kf2 e6 17. Nd3 Ne7 18. g4 Qc7 19. f4 f5 20. gxf5 exf5 21. e5 O-O-O 22. Ng1
dxe5 23. fxe5 g5 24. hxg5 hxg5 25. Rxh8 Rxh8 26. Kg2 f4 27. Bf2 Qd7 28. Qd1
Qd5+ 29. Kf1 Qe4 30. Qg4+ Nf5 0-1

[Event "Rochefort Master 2019"]
[Site "Palais des Congrès"]
[Date "2019.02.16"]
[Round "7.14"]
[White "Giacomini, Hector"]
[Black "Colin, Vincent"]
[Result "0-1"]
[WhiteElo "2191"]
[BlackElo "2382"]
[PlyCount "132"]
[EventDate "2019.??.??"]
[WhiteTeam "Echiquier Tourangeau"]
[BlackTeam "Les Tours des Hauts de France - St Quentin"]

1. d4 Nf6 2. c4 g6 3. Nc3 Bg7 4. e4 d6 5. Nf3 O-O 6. Be2 Nbd7 7. O-O e5 8. Be3
Ng4 9. Bg5 f6 10. Bh4 Nh6 11. Qd2 Nf7 12. dxe5 dxe5 13. Rfd1 c6 14. Ne1 Nc5 15.
Qxd8 Nxd8 16. Nc2 a5 17. f3 Nde6 18. Bf2 Rf7 19. Rd6 Bf8 20. Rd2 Rd7 21. Rad1
Kf7 22. Be3 Nf4 23. Bf1 Rxd2 24. Rxd2 Be6 25. g3 Nh5 26. Be2 Ng7 27. Kg2 Ke8
28. Kf1 Bf7 29. Ke1 Nge6 30. Bf1 a4 31. Be2 Be7 32. Bf1 Bd8 33. Rd1 Ba5 34. Kf2
Ke7 35. Bh3 Bc7 36. Bf1 Bd6 37. Rb1 f5 38. Ke1 h5 39. b4 axb3 40. axb3 f4 41.
Bf2 Ng5 42. Be2 Nh3 43. b4 Nd7 44. c5 Bc7 45. Ra1 Rxa1+ 46. Nxa1 Nxf2 47. Kxf2
b6 48. Na4 bxc5 49. Nxc5 Bb6 50. Nc2 Nxc5 51. bxc5 Bxc5+ 52. Kg2 Be6 53. Ne1
Be3 54. Nd3 Kd6 55. gxf4 Bxf4 56. Nxf4 exf4 57. h4 Ke5 58. Kf2 Kd4 59. Ba6 c5
60. Bb7 c4 61. Ke2 c3 62. Kd1 g5 63. hxg5 h4 64. Ba6 h3 65. Bf1 h2 66. Bg2 Ke3
0-1

[Event "Rochefort Master 2019"]
[Site "Palais des Congrès"]
[Date "2019.02.16"]
[Round "7.15"]
[White "Lemeaux, David"]
[Black "Deslandes, Pascal"]
[Result "1/2-1/2"]
[WhiteElo "2246"]
[BlackElo "2349"]
[PlyCount "82"]
[EventDate "2019.??.??"]
[WhiteTeam "AGJA-Echiquier Aquitaine"]
[BlackTeam "Club d'Echecs du Vesinet"]

1. d4 Nf6 2. c4 g6 3. g3 Bg7 4. Bg2 O-O 5. Nf3 d6 6. O-O Nc6 7. Nc3 e5 8. d5
Ne7 9. e4 Nd7 10. b4 a5 11. bxa5 Rxa5 12. a4 Nc5 13. Ba3 f5 14. Bb4 Ra6 15. Nd2
Nxe4 16. Ndxe4 fxe4 17. c5 Nf5 18. Nxe4 Nd4 19. Rc1 Bf5 20. cxd6 cxd6 21. Bc3
Qd7 22. Bxd4 exd4 23. Rc4 Rc8 24. Rb4 Rca8 25. Qb3 R8a7 26. Rc1 Bxe4 27. Bxe4
Rxa4 28. Rxa4 Rxa4 29. h4 Ra8 30. h5 Re8 31. Bd3 Qg4 32. hxg6 hxg6 33. Qc2 Bh6
34. Bxg6 Re2 35. Qc8+ Qxc8 36. Rxc8+ Kg7 37. Bf5 Kf6 38. Bh7 Re7 39. Bc2 Re1+
40. Kg2 Re2 41. Kf3 Rd2 1/2-1/2

[Event "Rochefort Master 2019"]
[Site "Palais des Congrès"]
[Date "2019.02.16"]
[Round "7.13"]
[White "Yu, Ruiyuan"]
[Black "Hill, Alistair"]
[Result "1-0"]
[WhiteElo "2491"]
[BlackElo "2152"]
[PlyCount "55"]
[EventDate "2019.??.??"]

1. e4 c5 2. Nf3 Nc6 3. d4 cxd4 4. Nxd4 Nf6 5. Nc3 e5 6. Ndb5 d6 7. Bg5 a6 8.
Na3 b5 9. Bxf6 gxf6 10. Nd5 f5 11. c3 Bg7 12. exf5 Bxf5 13. Nc2 O-O 14. Nce3
Bd7 15. Bd3 f5 16. Qh5 e4 17. Bc2 Rb8 18. O-O Be8 19. Qh3 Bd7 20. f3 Ne5 21.
fxe4 fxe4 22. Qg3 b4 23. Bxe4 bxc3 24. bxc3 Rb2 25. Rxf8+ Qxf8 26. Qh4 Ng6 27.
Bxg6 hxg6 28. Ne7+ 1-0

[Event "Rochefort Master 2019"]
[Site "Palais des Congrès"]
[Date "2019.02.16"]
[Round "8.6"]
[White "Demuth, Adrien"]
[Black "Okhotnik, Vladimir"]
[Result "1-0"]
[WhiteElo "2519"]
[BlackElo "2352"]
[PlyCount "93"]
[EventDate "2019.??.??"]
[WhiteTeam "Nice Alekhine"]
[BlackTeam "Club 608 d'Echecs Paris"]

1. d4 e6 2. Nf3 c5 3. e3 Nf6 4. c4 d5 5. cxd5 exd5 6. Bb5+ Bd7 7. Bxd7+ Nbxd7
8. dxc5 Bxc5 9. O-O O-O 10. Nc3 Nb6 11. b3 Qe7 12. a3 Rad8 13. Bb2 Rfe8 14. Nd4
Qd7 15. Rc1 Bd6 16. Qe2 Re5 17. Nf3 Rh5 18. Nb5 Bb8 19. Bxf6 gxf6 20. Rfd1 Kh8
21. Rd4 a6 22. Nc3 Qd6 23. b4 f5 24. g3 Rc8 25. Ne5 Qf6 26. Qxh5 Bxe5 27. Rh4
Qg6 28. Ne2 Rc4 29. Rd1 Kg7 30. Nd4 Bxd4 31. Qxg6+ fxg6 32. Rhxd4 Rc3 33. R1d3
Rc1+ 34. Rd1 Rc2 35. R4d2 Rc4 36. Rd4 Rc2 37. a4 Nxa4 38. Rxd5 Kf6 39. Rd6+ Kg5
40. h4+ Kh5 41. Kg2 Rb2 42. Rd7 h6 43. Rxb7 Nc3 44. Rd4 a5 45. Rb6 a4 46. Ra6
f4 47. Kh3 1-0

[Event "Rochefort Master 2019"]
[Site "Palais des Congrès"]
[Date "2019.02.16"]
[Round "8.7"]
[White "Delorme, Axel"]
[Black "Bobadilla Viera, Jorge Samuel"]
[Result "1-0"]
[WhiteElo "2498"]
[BlackElo "2318"]
[PlyCount "105"]
[EventDate "2019.??.??"]
[WhiteTeam "Clichy-Echecs-92"]

1. e4 c5 2. Nf3 d6 3. Bb5+ Nd7 4. c3 Ngf6 5. Qe2 a6 6. Ba4 e6 7. O-O Be7 8. d4
O-O 9. Re1 Qc7 10. Bg5 Re8 11. Bc2 Nf8 12. a4 Bd7 13. Bd3 Ng6 14. g3 e5 15.
dxe5 dxe5 16. Nfd2 Rad8 17. a5 Bg4 18. f3 Bc8 19. Be3 h6 20. Bc4 Nh7 21. Nb3
Rf8 22. N1d2 Kh8 23. Rad1 Ng5 24. h4 Nh3+ 25. Kh2 Bxh4 26. gxh4 Qe7 27. Bf2
Nxh4 28. Bg3 Qg5 29. Rh1 Rd6 30. Qe1 Nf4 31. Bf1 Nhg6 32. Nc4 Rxd1 33. Qxd1 f5
34. Nbd2 Nh5 35. Qe1 Be6 36. Rg1 Qf6 37. exf5 Qxf5 38. Qe4 Nxg3 39. Rxg3 Qh5+
40. Kg1 Bf5 41. Qxb7 Rd8 42. Nd6 Kh7 43. N2e4 Bxe4 44. Nxe4 Qf5 45. Qxa6 Rd1
46. Nf2 Ra1 47. Qd3 Qxd3 48. Nxd3 Rxa5 49. c4 Ra2 50. Nxc5 Nf4 51. Nd3 Ra1 52.
Nxf4 exf4 53. Rg2 1-0

[Event "Rochefort Master 2019"]
[Site "Palais des Congrès"]
[Date "2019.02.16"]
[Round "8.8"]
[White "Guidarelli, Laurent"]
[Black "Shirazi, Kamran"]
[Result "0-1"]
[WhiteElo "2465"]
[BlackElo "2309"]
[PlyCount "86"]
[EventDate "2019.??.??"]
[WhiteTeam "L'Echiquier du Roy René"]
[BlackTeam "Tremblay en France"]

1. d4 Nf6 2. c4 a6 3. Nc3 c5 4. Nf3 cxd4 5. Nxd4 d5 6. cxd5 Nxd5 7. Bd2 e5 8.
Nc2 Bc5 9. Nxd5 Qxd5 10. Ne3 Qd6 11. g3 O-O 12. Bg2 Rd8 13. Bc3 Bd4 14. O-O Nc6
15. Qc2 Be6 16. Rad1 g6 17. Qb1 Qc5 18. Bd2 Qb5 19. b3 Qxe2 20. Rfe1 Qb5 21.
Qe4 Rac8 22. Qh4 Qc5 23. Bh3 f5 24. g4 Qe7 25. Qxe7 Nxe7 26. gxf5 gxf5 27. Bb4
Nc6 28. Ba3 Bc3 29. Nxf5 Bxe1 30. Rxe1 Nd4 31. Ne7+ Kf7 32. Re3 Rc3 33. Rxc3
Ne2+ 34. Kg2 Nxc3 35. Nf5 Ne2 36. Nh6+ Kf6 37. Ng4+ Kg7 38. Bb2 Nf4+ 39. Kg3
Rd3+ 40. f3 Nxh3 41. Nxe5 Rd1 42. Ng4+ Kf7 43. Kxh3 h5 0-1

[Event "Rochefort Master 2019"]
[Site "Palais des Congrès"]
[Date "2019.02.16"]
[Round "8.10"]
[White "Colin, Vincent"]
[Black "Vidal, Llewellyn"]
[Result "1-0"]
[WhiteElo "2382"]
[BlackElo "2280"]
[PlyCount "79"]
[EventDate "2019.??.??"]
[WhiteTeam "Les Tours des Hauts de France - St Quentin"]
[BlackTeam "Echecs Club Montpellier"]

1. e4 c6 2. c4 d5 3. exd5 cxd5 4. cxd5 Nf6 5. Nc3 Nbd7 6. Bc4 Nb6 7. Bb3 Nbxd5
8. Nf3 e6 9. O-O Be7 10. d4 O-O 11. Ne5 a6 12. Qd3 Qd6 13. Rd1 b5 14. Bg5 Bb7
15. Qh3 Nxc3 16. bxc3 Rac8 17. Rd3 Nd5 18. Bd2 f6 19. Ng4 f5 20. Ne5 Bf6 21.
Re1 Bxe5 22. Rxe5 Rf6 23. Qh5 h6 24. Rg3 f4 25. Rg6 Kh8 26. Rxf6 Nxf6 27. Qg6
Qa3 28. h3 Qb2 29. Bxf4 Be4 30. Qf7 Rxc3 31. Qxe6 Qb1+ 32. Kh2 Kh7 33. f3 Bg6
34. Rc5 Rxc5 35. dxc5 Bf5 36. Qxa6 Qd3 37. Qd6 Qf1 38. Be6 Bxe6 39. Qxe6 Qd3
40. c6 1-0

[Event "Rochefort Master 2019"]
[Site "Palais des Congrès"]
[Date "2019.02.16"]
[Round "8.11"]
[White "Deslandes, Pascal"]
[Black "Mariette, Lucas"]
[Result "0-1"]
[WhiteElo "2349"]
[BlackElo "2185"]
[PlyCount "58"]
[EventDate "2019.??.??"]
[WhiteTeam "Club d'Echecs du Vesinet"]
[BlackTeam "Club d'Echecs de Marennes-Oleron"]

1. e4 e5 2. Nf3 Nc6 3. Bb5 f5 4. d4 fxe4 5. Nxe5 Nxe5 6. dxe5 c6 7. Bc4 Qa5+ 8.
Nc3 Qxe5 9. Bxg8 Rxg8 10. Be3 d5 11. Qd2 Bg4 12. h3 Bh5 13. g4 Bg6 14. O-O-O
Bb4 15. Bd4 Qc7 16. Qe3 Rf8 17. Rhe1 O-O-O 18. Bxa7 Rf3 19. Qb6 Bxc3 20. bxc3
Rxc3 21. Qb4 Rc4 22. Qa3 c5 23. Re3 Rd6 24. Qb3 b6 25. Qa3 Kb7 26. Rb3 e3 27.
c3 exf2 28. Rf1 Qe7 29. Kd1 Qe3 0-1

[Event "Rochefort Master 2019"]
[Site "Palais des Congrès"]
[Date "2019.02.16"]
[Round "8.12"]
[White "Devallee, Jeremie"]
[Black "Maisuradze, Nino"]
[Result "1-0"]
[WhiteElo "2317"]
[BlackElo "2186"]
[PlyCount "181"]
[EventDate "2019.??.??"]
[WhiteTeam "C'Chartres Echecs"]
[BlackTeam "Bischwiller"]

1. e4 c5 2. d4 cxd4 3. c3 dxc3 4. Nxc3 d6 5. Nf3 Nc6 6. Bc4 Nf6 7. e5 d5 8. Bb5
Nd7 9. Qxd5 e6 10. Qd1 Qc7 11. O-O Be7 12. Bf4 O-O 13. Qe2 a6 14. Bd3 Nc5 15.
Bb1 b6 16. a3 Bb7 17. b4 Nd7 18. Rc1 Rac8 19. Bd3 Qb8 20. h4 Rfd8 21. h5 b5 22.
Qe3 Qa7 23. Qxa7 Nxa7 24. Be4 Bxe4 25. Nxe4 Rxc1+ 26. Rxc1 Rc8 27. Rd1 Rc7 28.
Be3 Nc6 29. Rc1 Bd8 30. Nc5 Nxc5 31. Bxc5 Ne7 32. Ra1 Nc6 33. Rd1 h6 34. Kf1
Rc8 35. Rd7 Bg5 36. g3 Bc1 37. Rd3 Bb2 38. Bd6 a5 39. Rb3 Ba1 40. bxa5 Nxa5 41.
Rxb5 Nc4 42. a4 f6 43. Ke2 Bc3 44. Bb8 fxe5 45. Bxe5 Nxe5 46. Nxe5 Ra8 47. Ng6
Kf7 48. Kd3 Be1 49. Rb1 Rd8+ 50. Ke2 Bc3 51. Rb3 Rc8 52. f4 Kf6 53. Rb7 Ra8 54.
Rc7 Ba1 55. Rc4 Rb8 56. Kf3 Kf5 57. Rc5+ Kf6 58. Kg4 Bd4 59. Rc4 Bf2 60. Rc2
Be1 61. Re2 Bc3 62. Re3 Bd4 63. Re4 Bc3 64. Ne5 Bxe5 65. fxe5+ Kf7 66. Rc4 Rb7
67. Kf4 g6 68. g4 gxh5 69. gxh5 Rb1 70. Rc7+ Kg8 71. a5 Rb4+ 72. Kf3 Ra4 73.
Ra7 Rh4 74. a6 Ra4 75. Ke3 Kf8 76. Kd3 Ke8 77. Kc3 Kd8 78. Kb3 Ra1 79. Kb4 Kc8
80. Kb5 Kb8 81. Rb7+ Ka8 82. Rh7 Rb1+ 83. Kc6 Ra1 84. Kb6 Rb1+ 85. Kc7 Ra1 86.
Rh8+ Ka7 87. Rxh6 Rh1 88. Kd6 Kxa6 89. Kxe6 Kb7 90. Ke7 Kc7 91. e6 1-0

[Event "Rochefort Master 2019"]
[Site "Palais des Congrès"]
[Date "2019.02.16"]
[Round "8.13"]
[White "Gao, Etienne"]
[Black "Dalaud, Dorian"]
[Result "1-0"]
[WhiteElo "2306"]
[BlackElo "2172"]
[PlyCount "83"]
[EventDate "2019.??.??"]
[WhiteTeam "Echiquier Club Le Mans"]
[BlackTeam "Cercle d'Echecs de Nantes"]

1. e4 c5 2. Nf3 d6 3. d4 cxd4 4. Nxd4 Nf6 5. Nc3 Nc6 6. Bg5 e6 7. Qd2 a6 8.
O-O-O Bd7 9. f4 Be7 10. Nf3 b5 11. Bxf6 gxf6 12. f5 Qb6 13. g3 O-O-O 14. Kb1 h5
15. Bh3 h4 16. Nxh4 Ne5 17. Ne2 Nc4 18. Qc3 Kb8 19. Nf4 Rc8 20. fxe6 fxe6 21.
Qd3 f5 22. Nhg6 Bc6 23. Nxe7 Bxe4 24. Nxc8 Rxc8 25. Qd4 Qxd4 26. Rxd4 Bxh1 27.
Nxe6 Be4 28. Ng5 Re8 29. b3 Na3+ 30. Kb2 Nxc2 31. Rxd6 Nb4 32. a3 Nd3+ 33. Kc3
Nf2 34. Rxa6 Rh8 35. Bf1 Rxh2 36. Kb4 Rh1 37. Bxb5 Rg1 38. Rf6 Bb1 39. Ka5 Kc7
40. Rc6+ Kd8 41. Re6 Kc7 42. Nf7 1-0

[Event "Rochefort Master 2019"]
[Site "Palais des Congrès"]
[Date "2019.02.16"]
[Round "8.14"]
[White "Harutyunyan, Ruben"]
[Black "Englisch, Colya"]
[Result "1-0"]
[WhiteElo "2299"]
[BlackElo "2173"]
[PlyCount "98"]
[EventDate "2019.??.??"]
[WhiteTeam "Clichy-Echecs-92"]
[BlackTeam "Club d'Echecs de Sautron"]

1. e4 d6 2. d4 Nf6 3. Nc3 g6 4. Nf3 Bg7 5. Be2 O-O 6. O-O c6 7. a4 Nbd7 8. h3
Qc7 9. Be3 b6 10. a5 b5 11. Bd3 a6 12. Ne2 c5 13. c3 e5 14. d5 c4 15. Bc2 Nc5
16. Ng3 Nb7 17. Bb6 Qe7 18. Be3 Qc7 19. Nh2 Nxa5 20. f4 exf4 21. Bxf4 Nb7 22.
Qd2 Nc5 23. Bh6 Ne8 24. Nf3 Qe7 25. Bg5 f6 26. Be3 Bb7 27. h4 Nd7 28. Nd4 Ne5
29. Rfc1 Nc7 30. h5 Bc8 31. Rf1 Bd7 32. Nde2 Kf7 33. Bf4 Kg8 34. Nd4 Rab8 35.
Nf3 Be8 36. Nxe5 fxe5 37. Bg5 Bf6 38. Bxf6 Rxf6 39. Rxf6 Qxf6 40. Rf1 Qe7 41.
Qh6 Bf7 42. hxg6 Bxg6 43. Nf5 Bxf5 44. exf5 Qf8 45. Qh4 Ne8 46. f6 Rb7 47. Bf5
Kh8 48. Be6 h6 49. f7 Nc7 1-0

[Event "Rochefort Master 2019"]
[Site "Palais des Congrès"]
[Date "2019.02.16"]
[Round "8.15"]
[White "Solozhenkina, Elizaveta"]
[Black "Gelos, Guillaume"]
[Result "1-0"]
[WhiteElo "2287"]
[BlackElo "1884"]
[PlyCount "101"]
[EventDate "2019.??.??"]
[WhiteTeam "Sporting Cheminot Pratique Omnisport"]
[BlackTeam "Echiquier Tressois"]

1. e4 c5 2. Nf3 Nc6 3. Bb5 g6 4. Bxc6 dxc6 5. d3 Bg7 6. h3 Nf6 7. O-O O-O 8.
Nc3 Ne8 9. Be3 b6 10. a4 a5 11. Nd2 e5 12. f4 exf4 13. Bxf4 Ba6 14. Qf3 Ra7 15.
Qg3 Rd7 16. e5 f5 17. Rfe1 c4 18. Nxc4 Bxc4 19. dxc4 Re7 20. Rad1 Qc8 21. Qe3
Qb7 22. c5 Nc7 23. cxb6 Ne6 24. g3 Rb8 25. Rd6 Bf8 26. Kh2 Ree8 27. Rdd1 Bc5
28. Qd3 Qxb6 29. b3 Bb4 30. Rf1 Rbd8 31. Qc4 Rd4 32. Rxd4 Qxd4 33. Qxd4 Nxd4
34. Na2 Nxc2 35. Rc1 Nd4 36. Nxb4 axb4 37. Rc4 Nxb3 38. Rxb4 Nc5 39. Rc4 Nd3
40. Rc3 Nb4 41. h4 Rc8 42. a5 Kf7 43. Rb3 c5 44. a6 Ke6 45. a7 Ra8 46. Ra3 Kd5
47. Ra1 Kc4 48. e6 Nc6 49. Bg5 Kb5 50. e7 Nxa7 51. Rxa7 1-0

[Event "Rochefort Master 2019"]
[Site "Palais des Congrès"]
[Date "2019.02.16"]
[Round "8.16"]
[White "David, Bogdan-Emanuel"]
[Black "Saada, Julien"]
[Result "1/2-1/2"]
[WhiteElo "2190"]
[BlackElo "2281"]
[PlyCount "150"]
[EventDate "2019.??.??"]
[WhiteTeam "Club d'Echecs de Sautron"]
[BlackTeam "Poitiers-Migne Echecs"]

1. e4 c6 2. d4 d5 3. e5 Bf5 4. Nf3 e6 5. Be2 Ne7 6. O-O h6 7. Nbd2 Nd7 8. Nb3
Qc7 9. Bd2 g5 10. Rc1 Bg7 11. c4 a5 12. a4 O-O 13. Qe1 Qb6 14. Nxa5 Ng6 15. c5
Qc7 16. h4 g4 17. Nh2 h5 18. f3 g3 19. Qxg3 Rxa5 20. Bxa5 Qxa5 21. Rcd1 Qd8 22.
f4 Qxh4 23. Qxh4 Nxh4 24. g3 Ng6 25. Bxh5 Bc2 26. Ra1 Ne7 27. Rf2 Be4 28. Bg4
Bf5 29. Ra3 f6 30. Rb3 Rb8 31. Bh5 Bb1 32. g4 Ba2 33. Re3 f5 34. g5 b6 35. b3
Bb1 36. cxb6 Rxb6 37. Be8 Nf8 38. Rc3 Nfg6 39. Kg2 Kf8 40. Bd7 Kf7 41. a5 Ra6
42. b4 Nf8 43. b5 cxb5 44. Bxb5 Rxa5 45. Rb2 Be4+ 46. Kg3 Ra1 47. Nf3 Rd1 48.
Be2 Bxf3 49. Bxf3 Rxd4 50. Rc7 Nfg6 51. Bh5 Kg8 52. Rb8+ Bf8 53. Bxg6 Nxg6 54.
Rcc8 Kf7 55. Rc7+ Be7 56. Rbb7 Rd1 57. Kf2 Rd4 58. Kg3 Rd3+ 59. Kf2 Ra3 60.
Rxe7+ Nxe7 61. g6+ Kxg6 62. Rxe7 Kh5 63. Rxe6 Kg4 64. Rd6 Kxf4 65. Rxd5 Rf3+
66. Kg2 Re3 67. Kf2 Re4 68. Rd3 Kxe5 69. Re3 Kd4 70. Rxe4+ Kxe4 71. Ke2 f4 72.
Kf2 f3 73. Kf1 Ke3 74. Ke1 f2+ 75. Kf1 Kf3 1/2-1/2

[Event "Rochefort Master 2019"]
[Site "Palais des CongrÃ¨s"]
[Date "2019.02.16"]
[Round "9.6"]
[White "Zeng, Chongsheng"]
[Black "Colin, Vincent"]
[Result "1/2-1/2"]
[WhiteElo "2544"]
[BlackElo "2382"]
[PlyCount "66"]
[EventDate "2019.??.??"]
[BlackTeam "Les Tours des Hauts de France - St Quentin"]

1. e4 c5 2. Nf3 Nc6 3. d4 cxd4 4. Nxd4 e5 5. Nb5 d6 6. N1c3 a6 7. Na3 Be7 8.
Be3 b5 9. Nd5 Rb8 10. c4 b4 11. Nc2 Nf6 12. f3 b3 13. axb3 Rxb3 14. Qc1 O-O 15.
Be2 Nxd5 16. cxd5 Nd4 17. Nxd4 exd4 18. Bxd4 Bh4+ 19. g3 Bf6 20. Qc4 Rb8 21.
O-O Bd7 22. Qc3 Bxd4+ 23. Qxd4 a5 24. Rfc1 f5 25. exf5 Bxf5 26. Kg2 Qb6 27.
Qxb6 Rxb6 28. Ra2 Rfb8 29. Kf1 Rxb2 30. Rca1 Rxa2 31. Rxa2 Ra8 32. Bb5 Kf8 33.
Ke2 Ke7 1/2-1/2